000 01230nam a22002297a 4500
999 _c63707
_d63707
003 Ge_BSU
005 20251212153108.0
008 251212s2024 ge ||||| |||| 00| 0 geo d
020 _a9789941986604
041 _ageo
080 _a339.13:016 გ-85
100 _aგრიშიკაშვილი, ამბროსი
_9774
245 _aწიგნებთან გატარებული სიცოცხლე /
_cამბროსი გრიშიკაშვილი; რედაქტორი დიმიტრი შველიძე.
264 _aთბილისი :
_bსაქართველოს პარლამენტის ეროვნული ბიბლიოთეკა,
_c2024.
300 _a136 გვ. :
_bილ. ;
_c21 სმ.
653 _aსაბაზრო ეკონომიკა
653 _aბიბლიოგრაფია.
653 _aქართული წიგნი
700 _aშველიძე, დიმიტრი
_e რედაქტორი
_926481
856 _uhttps://dspace.nplg.gov.ge/bitstream/1234/530257/1/Wignebtan_Gatarebuli_Sicocxle_2024.pdf
_yელ. ვერსია
942 _2udc
_cᲬᲘᲒᲜᲘ